[Event "Catalunya-chT"]
[Site "Spain"]
[Date "1997.??.??"]
[Round "6"]
[White "Armengol Navarro, Salvador"]
[Black "Viladiu Martinez, Josep"]
[Result "1-0"]
[WhiteElo "2085"]
[BlackElo "2230"]
[PlyCount "101"]
[EventDate "1997.??.??"]
[EventType "team"]
[EventRounds "9"]
[EventCountry "ESP"]
[SourceTitle "EXT 2002"]
[Source "ChessBase"]
[SourceDate "2001.11.25"]
[SourceVersion "1"]
[SourceVersionDate "2001.11.25"]
[SourceQuality "1"]

1. e4 d6 2. d4 Nf6 3. Bd3 e5 4. c3 Be7 5. Ne2 c5 6. 0-0 0-0 7. d5 Nbd7 8. Ng3 Re8 9. Nf5 Nf8 10. Nxe7+ Qxe7 11. f4 exf4 12. Bxf4 Ng4 13. Qf3 f6 14. Qg3 Ne5 15. Bxe5 fxe5 16. Bb5 Rd8 17. Nd2 Ng6 18. Rf2 Nf4 19. Nf3 a6 20. Bf1 b5 21. Qh4 Qxh4 22. Nxh4 g6 23. Nf3 Bd7 24. g3 Nh5 25. Ng5 Rf8 26. Rxf8+ Rxf8 27. Ne6 Bxe6 28. dxe6 Re8 29. Bh3 Nf6 30. Rd1 Nxe4 31. Bg2 Ng5 32. Rxd6 Kg7 33. Bd5 Kf6 34. h4 Nxe6 35. Rxa6 Kf5 36. g4+ Kf6 37. Kf2 h5 38. g5+ Kf5 39. Kf3 e4+ 40. Bxe4+ Ke5 41. Bxg6 Rf8+ 42. Ke3 Rf1 43. Bxh5 Rh1 44. Bg4 Nf4 45. h5 Nd5+ 46. Kf3 Rf1+ 47. Ke2 Rb1 48. g6 Nf4+ 49. Kf3 Rf1+ 50. Kg3 Rg1+ 51. Kh4 1-0

[Event "Barcelona op rap"]
[Site "Barcelona"]
[Date "1996.12.15"]
[Round "6"]
[White "Viladiu Martinez, Josep"]
[Black "Narciso Dublan, Marc"]
[Result "0-1"]
[WhiteElo "2230"]
[BlackElo "2470"]
[PlyCount "67"]
[EventDate "1996.12.??"]
[EventType "swiss (rapid)"]
[EventRounds "8"]
[EventCountry "ESP"]
[SourceTitle "EXT 2001"]
[Source "ChessBase"]
[SourceDate "2000.11.22"]
[SourceVersion "1"]
[SourceVersionDate "2000.11.22"]
[SourceQuality "1"]

1. d4 Nf6 2. c4 e6 3. g3 Bb4+ 4. Bd2 c5 5. Nf3 Qb6 6. Bxb4 Qxb4+ 7. Nbd2 Qxb2 8. dxc5 Qb4 9. Bg2 Qxc5 10. 0-0 0-0 11. Rc1 d6 12. Nb3 Qc7 13. Nfd4 a6 14. Qd2 Nbd7 15. e4 Rd8 16. Rfd1 Rb8 17. h3 b6 18. Qe2 Bb7 19. Rc2 Nc5 20. Nd2 g6 21. Rb1 e5 22. N4b3 Ne6 23. Qe3 Bc6 24. Rbc1 a5 25. Re1 a4 26. Nc1 Nd4 27. Rc3 Nd7 28. Ne2 Nxe2+ 29. Rxe2 Nc5 30. f4 exf4 31. Qxf4 Re8 32. Rf2 Rb7 33. Re3 Qe7 34. Kh2 0-1

[Event "Barcelona op rap"]
[Site "Barcelona"]
[Date "1996.12.14"]
[Round "3"]
[White "Gual Pascual, Antonio"]
[Black "Viladiu Martinez, Josep"]
[Result "1-0"]
[WhiteElo "2430"]
[BlackElo "2230"]
[PlyCount "59"]
[EventDate "1996.12.??"]
[EventType "swiss (rapid)"]
[EventRounds "8"]
[EventCountry "ESP"]
[SourceTitle "EXT 2001"]
[Source "ChessBase"]
[SourceDate "2000.11.22"]
[SourceVersion "1"]
[SourceVersionDate "2000.11.22"]
[SourceQuality "1"]

1. d4 c5 2. d5 e5 3. e4 d6 4. Nc3 Be7 5. f4 exf4 6. Bxf4 Nf6 7. Be2 0-0 8. Nf3 Nbd7 9. 0-0 a6 10. a4 Qc7 11. h3 Ne5 12. Bxe5 dxe5 13. Nd2 Ne8 14. Nc4 f6 15. a5 Nd6 16. Nb6 Rb8 17. Bg4 f5 18. Nxc8 Rbxc8 19. Bxf5 Nxf5 20. exf5 Qd7 21. Qg4 Bf6 22. Rad1 c4 23. d6 Rc5 24. Ne4 Rxa5 25. Nxf6+ Rxf6 26. Qxc4+ Rf7 27. f6 Ra4 28. Qd5 Rf4 29. fxg7 Kxg7 30. Qxe5+ 1-0

[Event "Barcelona op rap"]
[Site "Barcelona"]
[Date "1996.12.14"]
[Round "1"]
[White "Sevegrand, Jean Pierre"]
[Black "Viladiu Martinez, Josep"]
[Result "0-1"]
[WhiteElo "1845"]
[BlackElo "2230"]
[PlyCount "72"]
[EventDate "1996.12.??"]
[EventType "swiss (rapid)"]
[EventRounds "8"]
[EventCountry "ESP"]
[SourceTitle "EXT 2001"]
[Source "ChessBase"]
[SourceDate "2000.11.22"]
[SourceVersion "1"]
[SourceVersionDate "2000.11.22"]
[SourceQuality "1"]

1. d4 f5 2. Nf3 Nf6 3. e3 g6 4. Nbd2 Bg7 5. Bd3 d5 6. Ne5 0-0 7. f4 Nbd7 8. Ndf3 c5 9. c3 e6 10. 0-0 Qe7 11. Rb1 Ne8 12. Nxd7 Bxd7 13. Re1 Rc8 14. Bd2 Nd6 15. Bc1 Rc7 16. a4 c4 17. Bc2 Rfc8 18. Ra1 b6 19. Rf1 Rf8 20. Bd2 Nf7 21. b4 cxb3 22. Bxb3 Nd6 23. Bc1 Rxc3 24. Ba3 Rxe3 25. Bc1 Rc3 26. Re1 Rfc8 27. Bxd5 Qf6 28. Ng5 exd5 29. Nf3 Ne4 30. Bb2 Rc2 31. Rb1 Bxa4 32. Qd3 Qd6 33. Ne5 Rd2 34. Qa3 Qxa3 35. Bxa3 Rcc2 36. Kh1 Rxg2 0-1

[Event "Barcelona op rap"]
[Site "Barcelona"]
[Date "1996.12.14"]
[Round "2"]
[White "Viladiu Martinez, Josep"]
[Black "Cartro Turu, Gabriel"]
[Result "1-0"]
[WhiteElo "2230"]
[BlackElo "2065"]
[PlyCount "55"]
[EventDate "1996.12.??"]
[EventType "swiss (rapid)"]
[EventRounds "8"]
[EventCountry "ESP"]
[SourceTitle "EXT 2001"]
[Source "ChessBase"]
[SourceDate "2000.11.22"]
[SourceVersion "1"]
[SourceVersionDate "2000.11.22"]
[SourceQuality "1"]

1. d4 Nf6 2. c4 e5 3. dxe5 Ng4 4. Nf3 Bc5 5. e3 Nc6 6. Be2 Ngxe5 7. Nxe5 Nxe5 8. 0-0 0-0 9. Nc3 c6 10. f4 Ng6 11. f5 Ne5 12. f6 Re8 13. Ne4 Qb6 14. fxg7 Bxe3+ 15. Kh1 Re6 16. Bh5 Bxc1 17. Rxc1 Qe3 18. Nd6 Re7 19. Nf5 Qg5 20. Nxe7+ Qxe7 21. c5 b6 22. b4 Ba6 23. Rf5 Qe6 24. Qc2 Ng6 25. Qf2 Qe7 26. h3 Kxg7 27. Rd1 bxc5 28. bxc5 1-0

[Event "Barcelona op rap"]
[Site "Barcelona"]
[Date "1996.12.14"]
[Round "4"]
[White "Viladiu Martinez, Josep"]
[Black "Serra Santaeulalia, Rafael"]
[Result "1-0"]
[WhiteElo "2230"]
[BlackElo "2095"]
[PlyCount "115"]
[EventDate "1996.12.??"]
[EventType "swiss (rapid)"]
[EventRounds "8"]
[EventCountry "ESP"]
[SourceTitle "EXT 2001"]
[Source "ChessBase"]
[SourceDate "2000.11.22"]
[SourceVersion "1"]
[SourceVersionDate "2000.11.22"]
[SourceQuality "1"]

1. d4 Nf6 2. c4 g6 3. f3 Bg7 4. e4 d6 5. Nc3 0-0 6. Be3 Nbd7 7. Qd2 e5 8. Nge2 exd4 9. Nxd4 Nc5 10. Be2 Ne6 11. 0-0-0 Bd7 12. g4 Bc6 13. h4 Re8 14. Nf5 gxf5 15. gxf5 Kh8 16. fxe6 fxe6 17. h5 Nd7 18. h6 Bxc3 19. Qxc3+ e5 20. Rdg1 Qf6 21. Rg7 Rg8 22. Rhg1 Raf8 23. Bg5 Qe6 24. Qe3 a6 25. Rg4 b5 26. Re7 Qg6 27. Bh4 Qh5 28. Rgg7 Rxg7 29. hxg7+ Kg8 30. gxf8Q+ Kxf8 31. Qg5 Qxg5+ 32. Bxg5 h6 33. Rxd7 Bxd7 34. Bxh6+ Kf7 35. cxb5 axb5 36. Kd2 c5 37. a3 Bc6 38. Ke3 Ke7 39. Bf1 Kd7 40. Bh3+ Kc7 41. Be6 Be8 42. Bf8 Bh5 43. Kf2 Kc6 44. Kg3 Kc7 45. f4 exf4+ 46. Kxf4 Bd1 47. Kf5 Be2 48. e5 dxe5 49. Bxc5 Bf1 50. Kxe5 Be2 51. Bd6+ Kb6 52. b4 Bf1 53. Bd5 Be2 54. Ke6 Bg4+ 55. Ke7 Bf5 56. Kd8 Ka6 57. Kc7 Ka7 58. Bc5+ 1-0

[Event "Catalunya-chT"]
[Site "Catalunya"]
[Date "1996.??.??"]
[Round "?"]
[White "Viladiu Martinez, Josep"]
[Black "Serrano Marhuenda, Salvador"]
[Result "1-0"]
[WhiteElo "2245"]
[BlackElo "2235"]
[PlyCount "85"]
[EventDate "1996.??.??"]
[EventType "team"]
[EventRounds "9"]
[EventCountry "ESP"]
[SourceTitle "EXT 1999"]
[Source "ChessBase"]
[SourceDate "1998.11.16"]
[SourceVersion "1"]
[SourceVersionDate "1998.11.16"]
[SourceQuality "1"]

1. d4 Nf6 2. c4 e6 3. g3 Bb4+ 4. Bd2 c5 5. Nf3 Qb6 6. Bxb4 Qxb4+ 7. Qd2 Qxd2+ 8. Nbxd2 cxd4 9. Nxd4 a6 10. e4 Nc6 11. Nc2 d5 12. Bg2 dxe4 13. Nxe4 Nxe4 14. Bxe4 Bd7 15. 0-0-0 0-0-0 16. f4 Na5 17. Bd3 h6 18. Rhg1 Kb8 19. b3 Rc8 20. Kb2 Rhd8 21. Ne3 Nc6 22. Bb1 Ne7 23. Ng4 Be8 24. Ne3 Bc6 25. f5 exf5 26. Bxf5 Rxd1 27. Rxd1 Re8 28. Rd2 g6 29. Bc2 Kc7 30. Ng4 Ng8 31. b4 f5 32. Nf2 Nf6 33. a4 Ne4 34. Nxe4 Bxe4 35. c5 Re6 36. Bb3 Rf6 37. b5 g5 38. Bc4 axb5 39. axb5 f4 40. gxf4 Rxf4 41. Kc3 h5 42. b6+ Kc6 43. Kb4 1-0

[Event "Catalunya-chT"]
[Site "Spain"]
[Date "1995.??.??"]
[Round "?"]
[White "Viladiu Martinez, Josep"]
[Black "Garriga Nualart, Josep"]
[Result "0-1"]
[WhiteElo "2280"]
[BlackElo "2360"]
[PlyCount "44"]
[EventDate "1995.??.??"]
[EventType "team"]
[EventRounds "9"]
[EventCountry "ESP"]
[SourceTitle "EXT 1998"]
[Source "ChessBase"]
[SourceDate "1997.11.17"]
[SourceVersion "1"]
[SourceVersionDate "1997.11.17"]
[SourceQuality "1"]

1. d4 Nf6 2. c4 g6 3. f3 Bg7 4. e4 0-0 5. Nc3 d6 6. Be3 e5 7. Nge2 Nc6 8. Qd2 a6 9. d5 Ne7 10. g4 Ne8 11. Rg1 c5 12. Ng3 Bd7 13. 0-0-0 b5 14. h4 Qa5 15. Kb1 bxc4 16. h5 Nc7 17. Bg5 f6 18. hxg6 hxg6 19. Bh6 Nb5 20. Rc1 Rab8 21. Bxg7 Kxg7 22. Bxc4 Na3+ 0-1

[Event "Foment Martinenc op"]
[Site "Barcelona"]
[Date "1994.??.??"]
[Round "?"]
[White "Bernat, Ernest"]
[Black "Viladiu Martinez, Josep"]
[Result "0-1"]
[WhiteElo "2185"]
[BlackElo "2325"]
[PlyCount "112"]
[EventDate "1994.??.??"]
[EventType "swiss"]
[EventRounds "9"]
[EventCountry "ESP"]
[SourceTitle "EXT 2003"]
[Source "ChessBase"]
[SourceDate "2002.11.25"]
[SourceVersion "1"]
[SourceVersionDate "2002.11.25"]
[SourceQuality "1"]

1. e4 d6 2. d4 Nf6 3. Nc3 c6 4. a4 Qa5 5. Bd2 e5 6. dxe5 dxe5 7. Nd5 Qd8 8. Nxf6+ Qxf6 9. Nf3 Nd7 10. Bc4 h6 11. 0-0 Be7 12. Bc3 0-0 13. Qe2 Re8 14. a5 Bd6 15. Rfd1 Nf8 16. Nh4 Bc7 17. Qh5 Be6 18. Bxe6 Nxe6 19. g3 Nd4 20. Nf5 Rad8 21. Ne3 Nf3+ 22. Kg2 Ng5 23. Qg4 h5 24. Qf5 Qxf5 25. exf5 Ne4 26. Be1 Rd4 27. f3 Nd6 28. Bc3 Rxd1 29. Rxd1 e4 30. f4 Nb5 31. Bb4 Rd8 32. Rxd8+ Bxd8 33. c4 Nd4 34. Bc5 Nb3 35. Bxa7 Bxa5 36. Kf2 Bd8 37. Ke2 Bf6 38. Nd1 Na5 39. c5 Bd4 40. Nc3 Bxc3 41. bxc3 Nc4 42. Bb8 g6 43. fxg6 f5 44. Be5 Nxe5 45. fxe5 Kg7 46. Ke3 Kxg6 47. Kf4 Kf7 48. c4 Ke7 49. Ke3 Ke6 50. Kf4 Kd7 51. Ke3 Ke7 52. Kf4 Ke6 53. h3 Ke7 54. g4 fxg4 55. hxg4 e3 56. Kxe3 hxg4 0-1

[Event "Orense op"]
[Site "Orense"]
[Date "1994.??.??"]
[Round "3"]
[White "Mellado Trivino, Juan"]
[Black "Viladiu Martinez, Josep"]
[Result "1-0"]
[WhiteElo "2395"]
[BlackElo "2325"]
[PlyCount "91"]
[EventDate "1994.??.??"]
[EventType "team"]
[EventRounds "9"]
[EventCountry "ESP"]
[SourceTitle "EXT 2004"]
[Source "ChessBase"]
[SourceDate "2003.11.25"]
[SourceVersion "1"]
[SourceVersionDate "2003.11.25"]
[SourceQuality "1"]

1. c4 c5 2. Nc3 g6 3. Nf3 Nc6 4. d4 cxd4 5. Nxd4 Bg7 6. e3 Nf6 7. Be2 0-0 8. 0-0 d5 9. cxd5 Nxd5 10. Nxd5 Nxd4 11. Nxe7+ Qxe7 12. exd4 Rd8 13. d5 Be5 14. Bf3 Qh4 15. g3 Qf6 16. Qb3 Bh3 17. Bg2 Bxg2 18. Kxg2 b6 19. a4 Rac8 20. a5 Rc5 21. axb6 axb6 22. Ra6 Rcxd5 23. Rxb6 Qf5 24. Qf3 Qc8 25. Bg5 R8d7 26. Rc1 Rc5 27. Ra1 Rcd5 28. Rba6 Kg7 29. Bf6+ Bxf6 30. Qxf6+ Kh6 31. Rc6 Qd8 32. Qxd8 Rxd8 33. Ra7 Rf5 34. g4 Rf4 35. Kg3 Rdd4 36. f3 Kg7 37. Rb7 g5 38. Rc3 Kg6 39. h4 gxh4+ 40. Kxh4 h5 41. Rb5 hxg4 42. Rg5+ Kh7 43. fxg4 f5 44. Rc7+ Kh6 45. Rc6+ Kh7 46. Kh5 1-0

[Event "Lalin op"]
[Site "Lalin"]
[Date "1994.??.??"]
[Round "7"]
[White "Viladiu Martinez, Josep"]
[Black "Estremera Panos, Sergio"]
[Result "0-1"]
[WhiteElo "2325"]
[BlackElo "2345"]
[PlyCount "108"]
[EventDate "1994.??.??"]
[EventType "swiss"]
[EventRounds "9"]
[EventCountry "ESP"]
[SourceTitle "EXT 2002"]
[Source "ChessBase"]
[SourceDate "2001.11.25"]
[SourceVersion "1"]
[SourceVersionDate "2001.11.25"]
[SourceQuality "1"]

1. d4 Nf6 2. c4 g6 3. g3 Bg7 4. Bg2 0-0 5. Nc3 d6 6. Nf3 c6 7. 0-0 Qa5 8. a3 Be6 9. Qd3 Qa6 10. b3 d5 11. Ne5 dxc4 12. Nxc4 Rd8 13. e4 Nbd7 14. Rd1 Nc5 15. Qc2 Nxb3 16. Qxb3 Qxc4 17. Qxc4 Bxc4 18. Rb1 Ba6 19. f4 Ne8 20. e5 Nc7 21. Na4 Be2 22. Rd2 Bb5 23. Nc3 Ba6 24. Na4 Ne6 25. d5 cxd5 26. Bxd5 Rac8 27. Bxe6 Rxc1+ 28. Rxc1 Rxd2 29. Bc4 Bxc4 30. Rxc4 Bf8 31. Rc7 b5 32. Nc3 a6 33. Ra7 Rd3 34. Ne4 Rxa3 35. Nc5 Rc3 36. Nd7 Rd3 37. Kf2 Kg7 38. Ke2 Rd5 39. Nb8 b4 40. Rxa6 Rb5 41. Nd7 b3 42. Ra1 h5 43. Rb1 b2 44. e6 fxe6 45. Ke3 Kg8 46. Ne5 Kh7 47. Kd3 Bg7 48. Nc4 Rb3+ 49. Kd2 h4 50. Ne3 Bd4 51. Nc2 Bf6 52. gxh4 Rh3 53. Ne3 Rxh2+ 54. Kd3 Rxh4 0-1

[Event "Catalunya-chT"]
[Site "Spain"]
[Date "1993.??.??"]
[Round "1"]
[White "Viladiu Martinez, Josep"]
[Black "Buxade Roca, Guillermo"]
[Result "1-0"]
[WhiteElo "2200"]
[BlackElo "2255"]
[PlyCount "81"]
[EventDate "1993.??.??"]
[EventType "team"]
[EventRounds "9"]
[EventCountry "ESP"]
[SourceTitle "EXT 2019"]
[Source "ChessBase"]
[SourceDate "2018.10.10"]
[SourceVersion "1"]
[SourceVersionDate "2018.10.10"]
[SourceQuality "1"]

1. d4 Nf6 2. c4 e5 3. dxe5 Ng4 4. Nf3 Bc5 5. e3 Nc6 6. Nc3 Ngxe5 7. Nxe5 Nxe5 8. Be2 0-0 9. 0-0 Re8 10. f4 Nc6 11. Bd3 d6 12. Qh5 g6 13. Qh6 f5 14. Rf3 Be6 15. Nd5 Rf8 16. b4 Bxd5 17. Bb2 Qe7 18. cxd5 Bxe3+ 19. Kh1 Bd4 20. Bxd4 Nxd4 21. Rg3 Rae8 22. Rf1 Qg7 23. Qg5 Qf7 24. h4 Kh8 25. Rh3 Rg8 26. Rc1 Rg7 27. Kh2 Qe7 28. Qh6 Qf7 29. Qg5 Qe7 30. Qh6 Qf7 31. Rc3 Qxd5 32. Bc4 Qe4 33. Rcg3 c6 34. h5 g5 35. Qf6 Qe7 36. Qxd4 h6 37. fxg5 f4 38. gxh6 fxg3+ 39. Rxg3 Qe5 40. hxg7+ Kh7 41. Qxe5 1-0

[Event "Hospitalet op"]
[Site "Sitges"]
[Date "1993.??.??"]
[Round "5"]
[White "Viladiu Martinez, Josep"]
[Black "Campos Moreno, Javier B"]
[Result "0-1"]
[WhiteElo "2260"]
[BlackElo "2450"]
[PlyCount "112"]
[EventDate "1993.07.??"]
[EventType "swiss"]
[EventRounds "9"]
[EventCountry "ESP"]
[SourceTitle "EXT 1998"]
[Source "ChessBase"]
[SourceDate "1997.11.17"]
[SourceVersion "1"]
[SourceVersionDate "1997.11.17"]
[SourceQuality "1"]

1. d4 Nf6 2. Bg5 Ne4 3. Bf4 c5 4. f3 Nf6 5. d5 g6 6. c4 Bg7 7. Nc3 0-0 8. e4 d6 9. Bd3 a6 10. Nge2 e5 11. Bg5 h6 12. Be3 Nbd7 13. g4 b5 14. cxb5 Nb6 15. Ng3 axb5 16. Bxb5 Ba6 17. Bxa6 Rxa6 18. Qe2 Qa8 19. h4 Rb8 20. g5 hxg5 21. h5 Na4 22. Nd1 c4 23. hxg6 fxg6 24. Bxg5 Rab6 25. Rb1 Nc5 26. a3 Nd3+ 27. Kf1 Rb3 28. Qd2 Qa7 29. Be3 Qf7 30. Kg1 Nd7 31. Qg2 N7c5 32. Ne2 Ne1 33. Qh3 Qxf3 34. Qxf3 Nxf3+ 35. Kg2 Nd4 36. Nec3 Nd3 37. Bc1 Bf6 38. a4 Bd8 39. a5 Bxa5 40. Ra1 Bxc3 41. bxc3 Nc2 42. Ra7 R3b7 43. Rxb7 Rxb7 44. Ne3 Nxe3+ 45. Bxe3 Rb3 46. Ra1 Rxc3 47. Ra6 Nb4 48. Ra8+ Kf7 49. Bg5 Rd3 50. Ra7+ Ke8 51. Re7+ Kf8 52. Rc7 Na6 53. Rxc4 Nc5 54. Bf6 Rd4 55. Rxd4 exd4 56. e5 Nd7 0-1

[Event "Hospitalet op"]
[Site "Sitges"]
[Date "1993.??.??"]
[Round "7"]
[White "Viladiu Martinez, Josep"]
[Black "Mellado Trivino, Juan"]
[Result "1-0"]
[WhiteElo "2260"]
[BlackElo "2415"]
[PlyCount "123"]
[EventDate "1993.07.??"]
[EventType "swiss"]
[EventRounds "9"]
[EventCountry "ESP"]
[SourceTitle "EXT 1998"]
[Source "ChessBase"]
[SourceDate "1997.11.17"]
[SourceVersion "1"]
[SourceVersionDate "1997.11.17"]
[SourceQuality "1"]

1. g3 f5 2. Bg2 Nf6 3. c4 d6 4. Nf3 e5 5. d4 e4 6. Nfd2 c5 7. Nb3 Nc6 8. 0-0 Be7 9. f3 cxd4 10. Nxd4 Qb6 11. Be3 Qxb2 12. Nxc6 bxc6 13. Bd4 Qb4 14. Nd2 d5 15. Rb1 Qd6 16. Qc2 0-0 17. Rfd1 Qe6 18. Bh3 Qf7 19. Qa4 Bd7 20. c5 Qh5 21. Bg2 f4 22. Rb7 fxg3 23. hxg3 Rf7 24. Rxa7 Raf8 25. Ra8 Qg5 26. Rxf8+ Rxf8 27. Nf1 h5 28. Qa7 Rf7 29. Qb8+ Kh7 30. a4 exf3 31. exf3 Rf8 32. Qb7 Qf5 33. a5 h4 34. a6 h3 35. Bh1 h2+ 36. Nxh2 Qc2 37. Qb1 Qxb1 38. Rxb1 Ra8 39. Rb7 Rxa6 40. Bxf6 Bxc5+ 41. Kf1 gxf6 42. Rxd7+ Kg6 43. Kg2 Kf5 44. Kh3 Ke6 45. Rd8 Be7 46. Rb8 c5 47. f4 c4 48. Nf3 Bc5 49. Re8+ Kd7 50. Re1 d4 51. Rd1 c3 52. Ne1 f5 53. Bd5 Rb6 54. Bc4 Ke7 55. Bd3 Rf6 56. Ra1 Bb6 57. Kg2 Ke6 58. Kf3 Kd5 59. Nc2 Bc5 60. Ra5 Rb6 61. Bxf5 Kc4 62. Ke2 1-0

[Event "Foment Martinenc op"]
[Site "Barcelona"]
[Date "1992.??.??"]
[Round "?"]
[White "Bravo Barranco, Narciso"]
[Black "Viladiu Martinez, Josep"]
[Result "1-0"]
[WhiteElo "2315"]
[BlackElo "2200"]
[PlyCount "78"]
[EventDate "1992.??.??"]
[EventType "swiss"]
[EventRounds "9"]
[EventCountry "ESP"]
[SourceTitle "EXT 2003"]
[Source "ChessBase"]
[SourceDate "2002.11.25"]
[SourceVersion "1"]
[SourceVersionDate "2002.11.25"]
[SourceQuality "1"]

1. e4 d6 2. d4 Nf6 3. Nc3 c6 4. f4 Qa5 5. e5 dxe5 6. fxe5 Ne4 7. Bd3 Nxc3 8. Qd2 Bg4 9. bxc3 e6 10. Ne2 Be7 11. 0-0 Nd7 12. Ng3 g6 13. a4 h5 14. Ba3 c5 15. Bb5 Qc7 16. Ne4 b6 17. d5 exd5 18. Qxd5 0-0 19. Rxf7 Rxf7 20. Qxa8+ Kg7 21. Nd6 Bxd6 22. exd6 Qxd6 23. Bb2 c4 24. Qe4 Rf4 25. Qe3 Nc5 26. h3 Re4 27. Qf2 Rf4 28. Qe3 Bf5 29. Bc1 Qd1+ 30. Kh2 Ne6 31. Qe5+ Kh7 32. Bxf4 Qxa1 33. Be3 Qf1 34. Bc6 h4 35. Bd5 Qe1 36. Bxc4 Ng7 37. Bb3 g5 38. c4 Qe2 39. Qe7 Bxc2 1-0

[Event "Cannes op"]
[Site "Cannes"]
[Date "1990.??.??"]
[Round "1"]
[White "Viladiu Martinez, Josep"]
[Black "Renaudin, Jean Philippe"]
[Result "0-1"]
[WhiteElo "2315"]
[BlackElo "2050"]
[PlyCount "64"]
[EventDate "1990.02.??"]
[EventType "swiss"]
[EventRounds "9"]
[EventCountry "FRA"]
[SourceTitle "EXT 1997"]
[Source "ChessBase"]
[SourceDate "1996.11.15"]
[SourceVersion "1"]
[SourceVersionDate "1996.11.15"]
[SourceQuality "1"]

1. d4 d5 2. Nf3 Nf6 3. c4 dxc4 4. Nc3 a6 5. e4 b5 6. e5 Nd5 7. Ng5 e6 8. Qh5 g6 9. Qf3 Qd7 10. Be2 Nc6 11. Be3 Bb7 12. Nxd5 exd5 13. Qf6 Bb4+ 14. Kf1 0-0 15. Qf4 Be7 16. Qh4 Bxg5 17. Bxg5 f5 18. exf6 Rfe8 19. Bf3 Qf7 20. g3 Nb4 21. Kg2 Nd3 22. b3 c5 23. dxc5 Ne5 24. Bd1 d4+ 25. f3 Nxf3 26. Bxf3 Re2+ 27. Kf1 Bxf3 28. Qxd4 Rae8 29. Rg1 Qe6 30. f7+ Qxf7 31. Qf4 Bg4 32. Qxf7+ Kxf7 0-1